[Event "Buenos Aires"]
[Site "?"]
[Date "1990.??.??"]
[Round "?"]
[White "Van Riemsdijk, Herman C"]
[Black "Fernandez Garcia, Jose Luis"]
[WhiteElo "2400"]
[BlackElo "2470"]
[Result "0-1"]

1. e4 Nf6 2. e5 Nd5 3. d4 d6 4. Nf3 Bg4 5. Be2 c6 6. c4 Nb6 7. Nbd2 N8d7 8. exd6 exd6 9. O-O Be7 10. a4 a5 11. Ra3 O-O 12. Re3 d5 13. c5 Nc8 14. Qc2 Bh5 15. Bd3 Bg6 16. Bxg6 fxg6 17. Rfe1 Bf6 18. Qb3 b6 19. Re6 bxc5 20. Rxc6 Ne7 21. Rd6 Rb8 22. Qe3 Nf5 23. Qe6+ Rf7 24. Rxd5 Qc7 25. Ne5 Bxe5 26. dxe5 Nb6 27. Rd3 Nd4 28. Qg4 Re8 29. f4 Nc2 30. Re4 c4 31. Rc3 Qc5+ 32. Kf1 Nb4 33. Nf3 Na2 34. Rc2 Qc6 35. Re1 Nb4 36. Rc3 Nd3 37. e6 Rf6 38. Ne5 Nxe5 39. Rxe5 Rfxe6 40. Rxe6 Rxe6 41. Re3 Rxe3 42. Bxe3 Nxa4 43. Qd1 Nxb2 44. Qd8+ Kf7 45. Bd4 c3 46. Bxc3 Qxc3 47. Qd7+ Kf6 48. Qd6+ Kf5 

0-1

[Event "Salamanca"]
[Site "?"]
[Date "1990.??.??"]
[Round "?"]
[White "Sion Castro, Marcelino"]
[Black "Fernandez Garcia, Jose Luis"]
[WhiteElo "2365"]
[BlackElo "2470"]
[Result "0-1"]

1. e4 Nf6 2. e5 Nd5 3. d4 d6 4. Nf3 Bg4 5. Be2 c6 6. c4 Nb6 7. Nbd2 N8d7 8. Ng5 Bf5 9. e6 fxe6 10. g4 Bg6 11. Qb3 Qc8 12. Bd3 Bxd3 13. Qxd3 Nf6 14. Qe2 h6 15. Nxe6 Kf7 16. g5 hxg5 17. Nf3 Nh7 18. Nfxg5+ Nxg5 19. Nxg5+ Kg8 20. Ne6 Kf7 21. Ng5+ Kg8 22. Qd3 Rh6 23. Be3 Qg4 24. h4 d5 25. b3 dxc4 26. bxc4 e5 27. c5 Nd5 28. dxe5 Re8 29. Qb3 Rxe5 30. Qxb7 Rf6 31. Qb3 Rxf2 32. Kxf2 Rxe3 33. Qxe3 Nxe3 34. Kxe3 Bxc5+ 35. Kd3 Qd4+ 36. Ke2 Qe3+ 37. Kd1 Bb4 38. Kc2 Qc3+ 

0-1

[Event "Salamanca"]
[Site "?"]
[Date "1990.??.??"]
[Round "?"]
[White "Sanz Alonso, Francisco J"]
[Black "Fernandez Garcia, Jose Luis"]
[WhiteElo "2450"]
[BlackElo "2470"]
[Result "0-1"]

1. e4 Nf6 2. e5 Nd5 3. d4 d6 4. Nf3 Bg4 5. Be2 c6 6. Ng5 Bf5 7. a3 h6 8. Nf3 dxe5 9. dxe5 e6 10. O-O Nd7 11. c4 Ne7 12. Bf4 g5 13. Bg3 Bg7 14. Nc3 Ng6 15. Nd4 Bxe5 16. Bxe5 Ndxe5 17. g4 Bxg4 18. Bxg4 Nxg4 19. Qxg4 Ne5 20. Qg3 Qxd4 21. Rfe1 Ng6 22. Ne4 O-O 23. Rad1 Qxb2 

0-1

[Event "Novi Sad ol"]
[Site "?"]
[Date "1990.??.??"]
[Round "?"]
[White "Rodgaard, John"]
[Black "Fernandez Garcia, Jose Luis"]
[WhiteElo "2360"]
[BlackElo "2500"]
[Result "0-1"]

1. c4 Nf6 2. Nf3 g6 3. Nc3 d5 4. cxd5 Nxd5 5. Qa4+ Bd7 6. Qh4 Nxc3 7. dxc3 Nc6 8. e4 e5 9. Bg5 Be7 10. Bxe7 Qxe7 11. Qxe7+ Kxe7 12. Bd3 f6 13. Nd2 Rhd8 14. Ke2 Be6 15. Rhd1 a5 16. b3 Na7 17. Bc4 Bd7 18. Nf1 Nc8 19. Ne3 c6 20. Rd2 Nd6 21. Bd3 Be6 22. f3 Rd7 23. Rc1 h5 24. c4 Rad8 25. Rdd1 c5 26. Nd5+ Bxd5 27. cxd5 Rc8 28. a4 f5 29. Rf1 b6 30. h3 h4 31. Ke3 Rf8 32. Rf2 Kf6 33. Rcf1 Re7 34. Kd2 Kg7 35. Ke3 Kh6 36. Kd2 Ref7 37. Ke2 Kg5 38. Ke3 Rf6 39. f4+ exf4+ 40. Rxf4 Re8 41. Bc2 Rf7 42. Kd2 Re5 43. Kc3 Rfe7 44. exf5 gxf5 45. R4f3 Re3+ 46. Bd3 R7e5 47. Rxe3 Rxe3 48. Kc2 Re5 49. Bc4 Re4 50. Bd3 Rd4 51. Re1 Rxd5 52. Re6 Kf4 53. Rg6 Ke3 54. Re6+ Kf2 55. Rg6 Rd4 56. Bb5 Nxb5 57. axb5 Rb4 58. Rxb6 Kxg2 59. Rf6 f4 60. b6 f3 

0-1